000 01028 a2200193 4500
001 135022
020 _a978-85-224-4998-9
040 _cLeonardo Da Vinci
041 _aPortuguês
082 _a658.402 A69o
_bA69o
100 _aARAUJO, Luis César G. de
245 _aOrganização, Sistemas e Métodos e as tecnologias de gestão organizacional
_barquitetura organizacional, benchmarking, empowerment, gestão pela qualidade total, reengenharia
250 _a4.ed. v.1
260 _bAtlas
_c2008
_aSão Paulo
300 _a334
362 _a20080000
697 _aAdministração
_aAdministração de empresas
_aSistema
_aMétodos
_aOSM
_aEstratégia
_aTécnica
_aManual
_aNorma
_aMetodologia
_aColeta de dados
_aEntrevista
_aQuestionário
_aLayout
_aFluxograma
_aDistribuição de trabalho
_aFormulários
_aOrganograma
_aSistemas de informação
_aArquitetura organizacional
_aBenchmarking
_aEmpowerment
_aQualidade
_aQualidade total
_aReengenharia
_aMudança
_aMudança organizacional
_aEstudo de caso
_aManualização
_aIPPG/FIPEN
942 _cBK
999 _c135022
_d135022